Higher education in the united kingdom : a handbook for students from overseas and their advisers.

Guardat en:
Dades bibliogràfiques
Autor corporatiu: The British Council
Format: Llibre
Idioma:anglès
Matèries:
Etiquetes: Afegir etiqueta
Sense etiquetes, Sigues el primer a etiquetar aquest registre!

MARC

LEADER 00000cam^a2200000uu^4500
001 000464852
005 20250521000000.0
008 050901s1974^^^^^^^^^^^^rd^r^^000^0^eng^d
009 20260526145911.015
022 |a 0582021081 
035 |a FCE 000007424 
035 |a FCE 029040 
037 |a Acervo ITESO - Biblioteca 
041 |a eng 
082 0 4 |a 378.155  |b BRIh 
110 |a The British Council 
245 1 0 |a Higher education in the united kingdom :  |b a handbook for students from overseas and their advisers. 
264 |a London :  |b The British Council,  |c 1974. 
300 |a 276 p. 
336 |a texto  |b txt  |2 rdacontenido 
337 |a sin mediación  |b n  |2 rdamedio 
338 |a volumen  |b nc  |2 rdasoporte 
649 |a XX 
650 |a Manual 
650 |a Educación superior 
650 |a Estudios en el extranjero 
650 |a Estudiantes extranjeros 
650 |a Reino Unido 
650 |a Inglaterra 
910 |a Fondo Centro de Estudios Educativos 
920 |a Impresos - Libros 
930 |a Fondos Especiales 
905 |a 133 
901 |a ALE029040  |b IT2  |c CEE  |u 20250521 
902 |a https://opac.biblio.iteso.mx/vufind/Record/000464852